00515nam a2200169Ia 4500003000900000008004100009020001800050040001600068080002200084110003300106245009200139260003500231300001700266650004100283650001200324650000900336IN-BaIIA211028s9999 xx 000 0 eng d a0-08-026314-3 cIIA Library a063:523.34bLSI-1 aNASA Lunar Science Institute 0aIgneous Processes and Remote SensingcThe Lunar and Planetary Institute  aNew YorkbPergamon Pressc1980 ax, 839-1776p aAstronomy and Astrophysics Thesaurus aGeology aMoon